La guerra de la restauración / (Registro nro. 12558)

Detalles MARC
000 -LIDER
fixed length control field 00765nam a2200241 a 4500
001 - NÚMERO DE CONTROL
Identificador de número de control 000027598
003 - IDENTIFICACDOR DE NÚMERO DE CONTROL
control field DO-SdBNP
005 - DATE AND TIME OF LATEST TRANSACTION
control field 20220718132443.0
007 - CAMPOS FIJOS DE DESCRIPCIÓN FÍSICA
fixed length control field 000027598
008 - ELEMENTOS DE LONGITUD FIJA
fixed length control field 110401s1982 dr 000 0 spa d
040 ## - FUENTE DE CATALOGACIÓN
Agencia que crea de manera original el registro BPMSU
Idioma de catalogación spa
Agencia que realiza la transcripción BPMSU
082 #4 - NÚMERO DE CLASIFICACIÓN DECIMAL DE DEWEY
Classification number 972.9304
Item number B742g 1982
Edition number 22
100 1# - ASIENTO PRINCIPAL -- NOMBRE PERSONAL
Nombre personal Bosch, Juan,
Fechas asociadas con el nombre 1909-2001.
9 (RLIN) 1
245 13 - MENCIÓN DE TITULO
Título La guerra de la restauración /
Mención de responsabilidad Juan Bosch.
260 ## - PUBLICACIÓN, DISTRIBUCIÓN, ETC. (PIE DE IMPRENTA)
Lugar de publicación, distribución, etc Santo Domingo :
Nombre del editor, distribuidor, etc. Editora Corripio,
Fecha de publicación, distribución, etc 1982
300 ## - DESCRIPCIÓN FÍSICA
Extensión 261 p. ;
Dimensiones 21 cm.
590 ## - NOTA LOCAL
Enlace Inventariado, 2022/VM
651 #4 - ENCABEZAMIENTO DE MATERIA--NOMBRE GEOGRÁFICO
Nombre geográfico República Dominicana
Subdivisión temática general Historia
651 #4 - ENCABEZAMIENTO DE MATERIA--NOMBRE GEOGRÁFICO
Nombre geográfico República Dominicana
Subdivisión temática general Restauración
Subdivisión cronológica 1863-1865
651 #4 - ENCABEZAMIENTO DE MATERIA--NOMBRE GEOGRÁFICO
Nombre geográfico República Dominicana
Subdivisión temática general Historia
-- Ocupación norteamericana
Subdivisión cronológica 1965-1966
910 ## - VALIDACIÓN
Validación VMateo V.
942 ## - ADDED ENTRY ELEMENTS (KOHA)
Source of classification or shelving scheme Dewey Decimal Classification
Koha item type Libros
Existencias
Withdrawn status Lost status Source of classification or shelving scheme Damaged status Not for loan Collection code Home library Current library Date acquired Source of acquisition Full call number Barcode Date last seen Price effective from Koha item type
    Dewey Decimal Classification     Colección Dominicana Biblioteca Pública Metropolitana Salomé Ureña Biblioteca Pública Metropolitana Salomé Ureña 02/23/2017 BPMSU CD 972.9304 B742g 1982 BPMSU17020054 02/23/2017 02/23/2017 Libros